Aquatic habitats : exploring desktop ponds : teacher's guide /

Bibliographic Details
Main Author: Barrett, Katharine
Corporate Authors: GEMS (Project), Lawrence Hall of Science
Other Authors: Willard, Carolyn
Format: Book
Language:English
Published: Berkeley, CA : Lawrence Hall of Science, University of California at Berkeley, [1998]
Series:Great explorations in math and science.
Subjects:

MARC

Tag First Indicator Second Indicator Subfields
LEADER 00000cam a2200000Ia 4500
001 in00001552003
005 20151022062357.0
008 990212s1998 caua b 000 0 eng d
020 |a 0924886013 
035 |a (OCoLC)ocm40781551 
035 |a (OCoLC)ocm40781551  
040 |a CAW  |c CAW  |d TXA  |d UtOrBLW 
049 |a TXAM 
090 |a QH541.5.P63  |b B37 1998 
100 1 |a Barrett, Katharine. 
245 1 0 |a Aquatic habitats :  |b exploring desktop ponds : teacher's guide /  |c by Katharine Barrett and Carolyn Willard. 
264 1 |a Berkeley, CA :  |b Lawrence Hall of Science, University of California at Berkeley,  |c [1998] 
264 4 |c ©1998 
300 |a viii, 128 pages :  |b illustrations ;  |c 28 cm. 
336 |a text  |b txt  |2 rdacontent 
337 |a unmediated  |b n  |2 rdamedia 
338 |a volume  |b nc  |2 rdacarrier 
490 1 |a Great explorations in math and science 
500 |a "LHS GEMS teacher's guide"--Cover. 
521 2 |a Grades 2-6. 
650 0 |a Pond ecology  |x Study and teaching (Elementary) 
650 0 |a Pond animals  |x Study and teaching (Elementary) 
650 0 |a Aquariums  |x Design and construction. 
650 0 |a Aquarium animals  |x Study and teaching (Elementary) 
700 1 |a Willard, Carolyn. 
710 2 |a GEMS (Project) 
710 2 |a Lawrence Hall of Science. 
830 0 |a Great explorations in math and science. 
948 |a cataloged  |b h  |c 2000/8/24  |d c  |e jspillan  |f 12:44:31 pm 
994 |a E0  |b TXA 
999 |a MARS 
999 f f |s 1ce1a1b3-17b2-38d4-9f7f-083e3e305550  |i 368f318d-0501-374a-80ff-c67aa8ea34c4  |t 0 
952 f f |p normal  |a Texas A&M University  |b College Station  |c Sterling C. Evans Library  |d Evans: Curriculum Collection (4th floor)  |t 0  |e QH541.5.P63 B37 1998  |h Library of Congress classification  |i unmediated -- volume  |m A14825480303 
998 f f |a QH541.5.P63 B37 1998  |t 0  |l Evans: Curriculum Collection (4th floor)